000 00338nam a22001457a 4500
008 210311b ||||| |||| 00| 0 eng d
020 _a9781606239094
041 _aeng
080 _23rd
_a159.9
082 _a159.9
100 _a48
101 _aPSI
245 _aChild Development A Practitioner's Guide
_cDavies,D
942 _2udc
_cBK
999 _c56331
_d56331